[Event "2nd Goa GM Open 2019"]
[Site "Goa"]
[Date "2019.06.22"]
[Round "6.28"]
[White "Michelle Catherina, P."]
[Black "Muthaiah AL"]
[Result "1/2-1/2"]
[WhiteElo "2182"]
[BlackElo "2420"]
[Annotator "NA"]
[PlyCount "190"]
[EventDate "2019.06.17"]
[EventType "swiss"]
[EventCountry "IND"]
[SourceTitle "playchess.com"]
[Source "ChessBase"]
[SourceQuality "1"]
[TimeControl "5400+30"]

1. e4 {[%emt 0:01:50]} c6 {[%emt 0:00:36]} 2. d4 {[%emt 0:00:28]} d5 {[%emt 0:00:31]} 3. Nd2 {[%emt 0:01:22]} dxe4 {[%emt 0:01:27]} 4. Nxe4 {[%emt 0:00:07]} Bf5 {[%emt 0:00:21]} 5. Ng3 {[%emt 0:00:26]} Bg6 {[%emt 0:00:39]} 6. h4 {[%emt 0:00:26]} h6 {[%emt 0:00:25]} 7. Nf3 {[%emt 0:00:09]} e6 {[%emt 0:00:28]} 8. Ne5 {[%emt 0:04:08]} Bh7 {[%emt 0:01:13]} 9. Bd3 {[%emt 0:01:16]} Bxd3 {[%emt 0:01:16]} 10. Qxd3 {[%emt 0:00:06]} Nd7 {[%emt 0:00:17]} 11. f4 {[%emt 0:00:36]} Be7 {[%emt 0:00:51]} 12. Bd2 {[%emt 0:05:12]} Nxe5 {[%emt 0:00:38]} 13. fxe5 {[%emt 0:01:53]} Bxh4 {[%emt 0:00:18]} 14. O-O-O {[%emt 0:03:37]} Bxg3 {[%emt 0:00:30]} 15. Qxg3 {[%emt 0:00:08]} Ne7 {[%emt 0:00:13]} 16. Qxg7 {[%emt 0:05:30]} Rg8 {[%emt 0:00:16]} 17. Qxh6 {[%emt 0:07:05]} Qd5 {[%emt 0:05:44]} 18. Kb1 {[%emt 0:04:07]} O-O-O {[%emt 0:01:58]} 19. Qf6 {[%emt 0:09:24]} Rxg2 {[%emt 0:12:19]} 20. Qxe7 {[%emt 0:09:15]} Rxd2 {[%emt 0:00:30]} 21. Qxd8+ {[%emt 0:03:06]} Kxd8 {[%emt 0:02:00]} 22. Rh8+ {[%emt 0:00:07]} Ke7 {[%emt 0:03:07]} 23. Rxd2 {[%emt 0:01:03]} c5 {[%emt 0:00:20]} 24. c3 {[%emt 0:05:13]} Qe4+ {[%emt 0:10:01]} 25. Kc1 {[%emt 0:02:24]} Qe1+ {[%emt 0:02:23]} 26. Rd1 {[%emt 0:01:06]} Qe3+ {[%emt 0:04:03]} 27. Kb1 {[%emt 0:00:38]} Qf3 {[%emt 0:06:10]} 28. Rhh1 {[%emt 0:01:43]} b5 {[%emt 0:15:48]} 29. Rhe1 {[%emt 0:03:47]} c4 {[%emt 0:05:35]} 30. Rf1 {[%emt 0:05:09]} Qe2 {[%emt 0:01:12]} 31. Rc1 {[%emt 0:04:13]} b4 {[%emt 0:05:21]} 32. cxb4 {[%emt 0:03:37]} Qd3+ {[%emt 0:00:09]} 33. Ka1 {[%emt 0:00:02]} Qxd4 {[%emt 0:00:14]} 34. Rfe1 {[%emt 0:00:09]} Qd2 {[%emt 0:03:47]} 35. a3 {[%emt 0:00:41]} a6 {[%emt 0:00:55]} 36. Kb1 {[%emt 0:03:58]} Qd3+ {[%emt 0:02:59]} 37. Ka2 {[%emt 0:02:24]} Qd2 {[%emt 0:00:44]} 38. Ka1 {[%emt 0:00:02]} Kf8 {[%emt 0:01:53]} 39. Rcd1 {[%emt 0:02:15]} Qc2 {[%emt 0:05:35]} 40. Rd8+ {[%emt 0:02:52]} Ke7 {[%emt 0:00:11]} 41. Rc8 {[%emt 0:03:43]} Qd2 {[%emt 0:04:16]} 42. Rf1 {[%emt 0:02:36]} Qe2 {[%emt 0:02:11]} 43. Rc7+ {[%emt 0:01:31]} Kd8 {[%emt 0:00:10]} 44. Rcxf7 {[%emt 0:00:09]} c3 {[%emt 0:00:07]} 45. Rf8+ {[%emt 0:01:13]} Kc7 {[%emt 0:00:09]} 46. R1f7+ {[%emt 0:01:07]} Kb6 {[%emt 0:00:37]} 47. Rb8+ {[%emt 0:00:03]} Kc6 {[%emt 0:00:07]} 48. Rc8+ {[%emt 0:00:48]} Kd5 {[%emt 0:01:23]} 49. Rxc3 {[%emt 0:00:37]} Kxe5 {[%emt 0:00:09]} 50. Rfc7 {[%emt 0:00:37]} Kf4 {[%emt 0:01:31]} 51. Rf7+ {[%emt 0:00:16]} Ke4 {[%emt 0:00:42]} 52. Rc5 {[%emt 0:00:31]} Qd1+ {[%emt 0:00:57]} 53. Ka2 {[%emt 0:00:02]} Qd6 {[%emt 0:00:14]} 54. Rf1 {[%emt 0:00:32]} Qd2 {[%emt 0:00:25]} 55. Rf6 {[%emt 0:00:54]} Qd7 {[%emt 0:00:23]} 56. Rf2 {[%emt 0:00:53]} Qd3 {[%emt 0:00:32]} 57. Rh2 {[%emt 0:00:35]} Qd6 {[%emt 0:00:54]} 58. Rh4+ {[%emt 0:00:28]} Kf3 {[%emt 0:00:11]} 59. Rhh5 {[%emt 0:00:35]} Kf4 {[%emt 0:00:51]} 60. Rc4+ {[%emt 0:00:12]} Kf3 {[%emt 0:00:13]} 61. Rhc5 {[%emt 0:00:53]} e5 {[%emt 0:00:35]} 62. Rc3+ {[%emt 0:00:15]} Kf4 {[%emt 0:00:24]} 63. R5c4+ {[%emt 0:00:49]} e4 {[%emt 0:00:09]} 64. Rc2 {[%emt 0:00:27]} Kf3 {[%emt 0:00:30]} 65. Rc6 {[%emt 0:00:29]} Qd5+ {[%emt 0:00:17]} 66. b3 {[%emt 0:00:19]} e3 {[%emt 0:00:24]} 67. Rf6+ {[%emt 0:00:26]} Ke4 {[%emt 0:00:10]} 68. Rh6 {[%emt 0:00:20]} Kd3 {[%emt 0:00:17]} 69. Rhh2 {[%emt 0:00:28]} Qe5 {[%emt 0:00:57]} 70. Rb2 {[%emt 0:00:32]} Qe4 {[%emt 0:01:44]} 71. Rhg2 {[%emt 0:00:52]} Qe5 {[%emt 0:00:29]} 72. Rg1 {[%emt 0:00:30]} Qh5 {[%emt 0:00:30]} 73. Re1 {[%emt 0:00:27]} Qg4 {[%emt 0:00:14]} 74. Rh2 {[%emt 0:00:38]} Qf3 {[%emt 0:00:17]} 75. a4 {[%emt 0:00:18]} Qg4 {[%emt 0:00:44]} 76. Ka3 {[%emt 0:00:07]} Qf3 {[%emt 0:00:13]} 77. a5 {[%emt 0:00:56]} Qg4 {[%emt 0:00:17]} 78. Rb2 {[%emt 0:00:32]} Qf3 {[%emt 0:00:27]} 79. Ra2 {[%emt 0:00:23]} Qg4 {[%emt 0:00:10]} 80. Rb2 {[%emt 0:00:41]} Qf3 {[%emt 0:00:07]} 81. Rbe2 {[%emt 0:00:22]} Qxe2 {[%emt 0:01:16]} 82. Rxe2 {[%emt 0:00:01]} Kxe2 {[%emt 0:00:01]} 83. b5 {[%emt 0:00:06]} axb5 {[%emt 0:00:41]} 84. a6 {[%emt 0:00:06]} b4+ {[%emt 0:00:35]} 85. Ka4 {[%emt 0:00:52]} Kd3 {[%emt 0:00:30]} 86. a7 {[%emt 0:00:06]} e2 {[%emt 0:00:04]} 87. a8=Q e1=Q {[%emt 0:00:03]} 88. Qd5+ {[%emt 0:02:15]} Kc2 {[%emt 0:00:29]} 89. Qg2+ {[%emt 0:00:32]} Kb1 {[%emt 0:00:27]} 90. Qg4 {[%emt 0:00:34]} Kb2 {[%emt 0:00:34]} 91. Qxb4 {[%emt 0:00:36]} Qe8+ {[%emt 0:00:42]} 92. Ka5 {[%emt 0:00:12]} Qa8+ {[%emt 0:00:20]} 93. Kb6 {[%emt 0:00:28]} Qa3 {[%emt 0:00:25]} 94. Qxa3+ {[%emt 0:00:15]} Kxa3 {[%emt 0:00:01]} 95. b4 {[%emt 0:00:06]} Kxb4 {[%emt 0:00:07]} 1/2-1/2

[Event "2nd Goa GM Open 2019"]
[Site "Goa"]
[Date "2019.06.22"]
[Round "6.29"]
[White "Divya Deshmukh"]
[Black "Sarbojit Paul"]
[Result "0-1"]
[WhiteElo "2414"]
[BlackElo "2023"]
[Annotator "NA"]
[PlyCount "62"]
[EventDate "2019.06.17"]
[EventType "swiss"]
[EventCountry "IND"]
[SourceTitle "playchess.com"]
[Source "ChessBase"]
[SourceQuality "1"]
[TimeControl "5400+30"]

1. e4 c5 2. Nf3 e6 3. d4 cxd4 4. Nxd4 Nc6 5. Nc3 Qc7 6. Be2 Nf6 7. O-O Be7 8. Be3 O-O 9. f4 d6 10. g4 Nxd4 11. Bxd4 e5 12. Be3 exf4 13. Bxf4 Qc5+ 14. Kh1 Be6 15. g5 Nd7 16. Qd3 Ne5 17. Qg3 Rac8 18. a3 a6 19. h4 f6 20. h5 fxg5 21. Bxg5 Bxg5 22. Qxg5 Ng4 23. Qh4 Nf2+ 24. Kh2 Qe5+ 25. Qg3 Rf4 26. h6 g6 27. Rad1 Rcf8 28. Rd5 Bxd5 29. exd5 R8f5 30. Re1 Rg5 31. Bg4 Nxg4+ 0-1

[Event "2nd Goa GM Open 2019"]
[Site "Goa"]
[Date "2019.06.22"]
[Round "6.30"]
[White "Kushagra Mohan"]
[Black "Harshavardhan G B"]
[Result "1/2-1/2"]
[WhiteElo "2207"]
[BlackElo "2406"]
[Annotator "NA"]
[PlyCount "31"]
[EventDate "2019.06.17"]
[EventType "swiss"]
[EventCountry "IND"]
[SourceTitle "playchess.com"]
[Source "ChessBase"]
[SourceQuality "1"]
[TimeControl "5400+30"]

1. e4 {[%emt 0:02:28]} e5 {[%emt 0:00:01]} 2. Nf3 {[%emt 0:00:19]} Nc6 {[%emt 0:00:08]} 3. Bb5 {[%emt 0:00:17]} a6 {[%emt 0:00:06]} 4. Ba4 {[%emt 0:00:03]} Nf6 {[%emt 0:00:06]} 5. O-O {[%emt 0:00:06]} Nxe4 {[%emt 0:00:06]} 6. d4 {[%emt 0:00:38]} b5 {[%emt 0:00:06]} 7. Bb3 {[%emt 0:00:05]} d5 {[%emt 0:00:05]} 8. dxe5 {[%emt 0:00:04]} Be6 {[%emt 0:00:07]} 9. Nbd2 {[%emt 0:00:23]} Nc5 {[%emt 0:00:07]} 10. c3 {[%emt 0:00:16]} d4 {[%emt 0:00:22]} 11. Bxe6 {[%emt 0:03:58]} Nxe6 {[%emt 0:00:52]} 12. cxd4 {[%emt 0:01:10]} Ncxd4 {[%emt 0:00:05]} 13. Nb3 {[%emt 0:05:01]} c5 {[%emt 0:11:58]} 14. Nfxd4 {[%emt 0:04:30]} Nxd4 {[%emt 0:02:01]} 15. Nxd4 {[%emt 0:00:28]} cxd4 {[%emt 0:04:18]} 16. Qg4 {[%emt 0:06:56]} 1/2-1/2

[Event "2nd Goa GM Open 2019"]
[Site "Goa"]
[Date "2019.06.22"]
[Round "7.1"]
[White "Petrosyan, Manuel"]
[Black "Ter-Sahakyan, Samvel"]
[Result "1/2-1/2"]
[WhiteElo "2573"]
[BlackElo "2611"]
[Annotator "TA"]
[PlyCount "24"]
[EventDate "2019.06.17"]
[EventType "swiss"]
[EventCountry "IND"]
[SourceTitle "playchess.com"]
[Source "ChessBase"]
[SourceQuality "1"]

{[%evp 23,24,0,48]} 1. e4 c5 2. Nf3 d6 3. d4 cxd4 4. Nxd4 Nf6 5. Nc3 a6 6. Be3 Ng4 7. Bc1 $146 ({Predecessor:} 7. Bg5 h6 8. Bc1 Nf6 9. Bd3 e5 10. Nde2 Nbd7 11. Ng3 Nc5 12. Be2 g6 13. Be3 h5 14. Bxc5 dxc5 15. Qxd8+ Kxd8 {½-½ (43) Harikrishna,P (2730)-Navara,D (2739) Prague 2019}) 7... Nf6 8. Be3 Ng4 9. Bc1 Nf6 10. Be3 Ng4 11. Bc1 Nf6 12. Be3 Ng4 1/2-1/2

[Event "2nd Goa GM Open 2019"]
[Site "Goa"]
[Date "2019.06.22"]
[Round "7.2"]
[White "Kostenko, Petr"]
[Black "Jojua, Davit"]
[Result "1/2-1/2"]
[WhiteElo "2473"]
[BlackElo "2580"]
[Annotator "ChessBase"]
[PlyCount "61"]
[EventDate "2019.06.17"]
[EventType "swiss"]
[EventCountry "IND"]
[SourceTitle "playchess.com"]
[Source "ChessBase"]
[SourceQuality "1"]
[TimeControl "5400+30"]

1. d4 {[%emt 0:00:00]} d5 {[%emt 0:00:00]} 2. c4 {[%emt 0:00:00]} c6 {[%emt 0:00:00]} 3. cxd5 {[%emt 0:00:00]} cxd5 {[%emt 0:00:00]} 4. Nc3 {[%emt 0:00:06]} Nc6 {[%emt 0:00:14]} 5. Bf4 {[%emt 0:00:19]} Nf6 {[%emt 0:00:16]} 6. e3 {[%emt 0:00:07]} Bf5 {[%emt 0:00:28]} 7. Bd3 {[%emt 0:00:11]} Bxd3 {[%emt 0:00:15]} 8. Qxd3 {[%emt 0:00:04]} e6 {[%emt 0:00:08]} 9. Nf3 {[%emt 0:00:07]} Bd6 {[%emt 0:00:22]} 10. Bxd6 {[%emt 0:00:13]} Qxd6 {[%emt 0:00:07]} 11. O-O {[%emt 0:00:05]} O-O {[%emt 0:00:14]} 12. Rfc1 {[%emt 0:00:15]} Rac8 {[%emt 0:00:46]} 13. a3 {[%emt 0:01:08]} Nd7 {[%emt 0:01:28]} 14. Rc2 {[%emt 0:00:40]} Ne7 {[%emt 0:00:40]} 15. Rac1 {[%emt 0:00:08]} Rc6 {[%emt 0:00:26]} 16. Na2 {[%emt 0:00:20]} Rfc8 {[%emt 0:00:14]} 17. Nb4 {[%emt 0:00:07]} Rxc2 {[%emt 0:00:09]} 18. Rxc2 {[%emt 0:00:03]} Rxc2 {[%emt 0:00:33]} 19. Qxc2 {[%emt 0:00:05]} a5 {[%emt 0:00:10]} 20. Nd3 {[%emt 0:00:06]} Qc6 {[%emt 0:00:10]} 21. Qxc6 {[%emt 0:00:16]} Nxc6 {[%emt 0:00:04]} 22. Kf1 {[%emt 0:00:08]} Kf8 {[%emt 0:00:12]} 23. Ke2 {[%emt 0:00:04]} Ke7 {[%emt 0:00:05]} 24. h3 {[%emt 0:00:24]} f6 {[%emt 0:00:13]} 25. Nd2 {[%emt 0:00:29]} Kd6 {[%emt 0:00:16]} 26. f4 {[%emt 0:00:11]} e5 {[%emt 0:00:27]} 27. dxe5+ {[%emt 0:00:28]} fxe5 {[%emt 0:00:04]} 28. g4 {[%emt 0:03:06]} g6 {[%emt 0:00:39]} 29. e4 {[%emt 0:00:34]} Nd4+ {[%emt 0:01:52]} 30. Ke3 {[%emt 0:00:08]} Nc2+ {[%emt 0:00:04]} 31. Ke2 1/2-1/2

[Event "2nd Goa GM Open 2019"]
[Site "Goa"]
[Date "2019.06.22"]
[Round "7.3"]
[White "Rahul Srivatshav P"]
[Black "Iniyan, P."]
[Result "0-1"]
[WhiteElo "2395"]
[BlackElo "2525"]
[Annotator "ChessBase"]
[PlyCount "64"]
[EventDate "2019.06.17"]
[EventType "swiss"]
[EventCountry "IND"]
[SourceTitle "playchess.com"]
[Source "ChessBase"]
[SourceQuality "1"]
[TimeControl "5400+30"]

1. Nf3 {[%emt 0:00:00]} c5 {[%emt 0:00:18]} 2. c4 {[%emt 0:00:45]} Nc6 {[%emt 0:00:15]} 3. b3 {[%emt 0:00:06]} e6 {[%emt 0:00:52]} 4. Bb2 {[%emt 0:02:19]} d5 {[%emt 0:00:06]} 5. cxd5 {[%emt 0:00:43]} exd5 {[%emt 0:00:09]} 6. g3 {[%emt 0:00:09]} d4 {[%emt 0:05:40]} 7. Bg2 {[%emt 0:00:45]} g6 {[%emt 0:00:13]} 8. O-O {[%emt 0:07:03]} Bg7 {[%emt 0:00:07]} 9. Qc1 {[%emt 0:18:39]} Qd6 {[%emt 0:20:12]} 10. Na3 {[%emt 0:03:09]} Nf6 {[%emt 0:00:07]} 11. Nb5 {[%emt 0:11:02]} Qe7 {[%emt 0:00:11]} 12. Nfxd4 {[%emt 0:00:22]} cxd4 {[%emt 0:17:04]} 13. Bxc6+ {[%emt 0:00:43]} bxc6 {[%emt 0:00:04]} 14. Qxc6+ {[%emt 0:00:07]} Qd7 {[%emt 0:00:05]} 15. Qxa8 {[%emt 0:20:23]} O-O {[%emt 0:00:05]} 16. Nxd4 {[%emt 0:00:42]} Bb7 {[%emt 0:00:02]} 17. Qxa7 {[%emt 0:00:09]} Ra8 {[%emt 0:00:21]} 18. Qc5 {[%emt 0:01:14]} Qh3 {[%emt 0:00:14]} 19. f3 {[%emt 0:13:20]} Ng4 {[%emt 0:00:08]} 20. Rf2 {[%emt 0:00:04]} Nxf2 {[%emt 0:00:08]} 21. Kxf2 {[%emt 0:00:05]} Qxh2+ {[%emt 0:00:08]} 22. Kf1 {[%emt 0:00:03]} Qxg3 {[%emt 0:12:56]} 23. Rc1 {[%emt 0:00:16]} Be5 {[%emt 0:01:59]} 24. Qb6 {[%emt 0:04:28]} Qh3+ {[%emt 0:13:45]} 25. Ke1 {[%emt 0:00:17]} Qh1+ {[%emt 0:00:02]} 26. Kf2 {[%emt 0:00:05]} Qh4+ {[%emt 0:00:05]} 27. Ke3 {[%emt 0:03:44]} Ba6 {[%emt 0:01:51]} 28. Ne6 {[%emt 0:04:34]} Qh6+ {[%emt 0:00:07]} 29. f4 {[%emt 0:01:46]} Qh3+ {[%emt 0:00:08]} 30. Ke4 {[%emt 0:00:28]} Bxb2 {[%emt 0:00:35]} 31. Qxa6 {[%emt 0:00:29]} f5+ {[%emt 0:00:04]} 32. Kd5 {[%emt 0:00:06]} Qg2+ {[%emt 0:00:05]} 0-1

[Event "2nd Goa GM Open 2019"]
[Site "Goa"]
[Date "2019.06.22"]
[Round "7.4"]
[White "Rahman, Ziaur"]
[Black "Sankalp Gupta"]
[Result "1/2-1/2"]
[WhiteElo "2481"]
[BlackElo "2359"]
[Annotator "ChessBase"]
[PlyCount "33"]
[EventDate "2019.06.17"]
[EventType "swiss"]
[EventCountry "IND"]
[SourceTitle "playchess.com"]
[Source "ChessBase"]
[SourceQuality "1"]
[TimeControl "5400+30"]

1. d4 {[%emt 0:00:00]} Nf6 {[%emt 0:03:57]} 2. Bg5 {[%emt 0:00:48]} e6 {[%emt 0:00:10]} 3. e4 {[%emt 0:00:54]} h6 {[%emt 0:00:18]} 4. Bxf6 {[%emt 0:00:07]} Qxf6 {[%emt 0:00:04]} 5. c3 {[%emt 0:00:22]} c5 {[%emt 0:00:03]} 6. Nf3 {[%emt 0:01:57]} cxd4 {[%emt 0:00:07]} 7. cxd4 {[%emt 0:00:25]} Bb4+ {[%emt 0:00:03]} 8. Nc3 {[%emt 0:00:25]} O-O {[%emt 0:00:04]} 9. Bd3 {[%emt 0:01:06]} d6 {[%emt 0:00:06]} 10. O-O {[%emt 0:01:33]} Bxc3 {[%emt 0:08:40]} 11. bxc3 {[%emt 0:00:34]} e5 {[%emt 0:00:02]} 12. h3 {[%emt 0:07:00]} Nc6 {[%emt 0:00:36]} 13. Bc2 {[%emt 0:09:09]} Qg6 {[%emt 0:00:09]} 14. Nh4 {[%emt 0:00:07]} Qf6 {[%emt 0:00:04]} 15. Nf3 {[%emt 0:00:04]} Qg6 {[%emt 0:00:05]} 16. Nh4 {[%emt 0:00:04]} Qf6 {[%emt 0:00:31]} 17. Nf3 {[%emt 0:00:51]} 1/2-1/2

[Event "2nd Goa GM Open 2019"]
[Site "Goa"]
[Date "2019.06.22"]
[Round "7.5"]
[White "Venkatesh, M.R."]
[Black "Iturrizaga Bonelli, Eduardo"]
[Result "0-1"]
[WhiteElo "2490"]
[BlackElo "2637"]
[Annotator "TA"]
[PlyCount "39"]
[EventDate "2019.06.17"]
[EventType "swiss"]
[EventCountry "IND"]
[SourceTitle "playchess.com"]
[Source "ChessBase"]
[SourceQuality "1"]

{[%evp 9,39,-3,-3,-11,-1,-24,-17,-8,-6,-15,-13,-42,0,-7,17,26,26,0,8,9,76,79,110,72,116,23,42,0,63,10,0,-279]} 1. e4 c5 2. Be2 Nc6 3. f4 e6 4. Nf3 d5 5. d3 Bd6 6. O-O {B21: Sicilian: 2 f4 and Morra Gambit} Nge7 7. c4 Bc7 8. cxd5 $146 ({Predecessor:} 8. Be3 d4 9. Bd2 a6 10. Na3 h6 11. Qc1 f6 12. Nc2 g5 13. e5 {½-½ (24) Venkatesh,M (2517)-Yilmaz,M (2636) Dubai 2019}) 8... exd5 9. Nc3 {[%cal Bb1c3,Bc3d1,Bd1f2][%mdl 32]} a6 10. Qe1 d4 11. Nd1 f5 {[#] Threatens to win with ...fxe4.} 12. Nf2 O-O 13. Bd1 Kh8 14. Bd2 Ng6 {[#]} (14... fxe4 $11 {keeps the balance.} 15. Nxe4 Nd5) 15. g3 $1 $16 b6 16. Rc1 Bd6 17. e5 (17. Ng5 $16) 17... Be7 $11 18. Bb3 Re8 (18... Qe8 $1 $11) 19. Qd1 (19. Nh3 $14) 19... Nf8 20. Ng5 $2 {[%mdl 8192] Accuracy: White = 40%, Black = 40%.} (20. Nh3 $11 Ne6 21. a4) 0-1

[Event "2nd Goa GM Open 2019"]
[Site "Goa"]
[Date "2019.06.22"]
[Round "7.6"]
[White "Pantsulaia, Levan"]
[Black "Nguyen, Van Huy"]
[Result "0-1"]
[WhiteElo "2614"]
[BlackElo "2456"]
[Annotator "TA"]
[PlyCount "64"]
[EventDate "2019.06.17"]
[EventType "swiss"]
[EventCountry "IND"]
[SourceTitle "playchess.com"]
[Source "ChessBase"]
[SourceQuality "1"]

{[%evp 12,64,16,21,18,16,18,11,36,27,31,25,37,27,35,0,0,-17,0,-7,8,6,6,0,0,0,0,0,0,-44,-25,-36,-46,-256,-235,-256,-256,-502,-531,-478,-508,-1428,-778,-755,-755,-1056,-1035,-987,-725,-29988,-441,-869,-857,-797,-787]} 1. g3 Nf6 2. Bg2 d5 3. Nf3 c6 4. c4 Bg4 5. Ne5 Bf5 6. cxd5 cxd5 7. Nc3 Nc6 {A11: English Opening: 1...c6} 8. Nxc6 bxc6 9. d3 e6 {The position is equal.} 10. e4 Bg6 11. O-O Be7 12. Qa4 Qd7 13. f4 {Strongly threatening f5!} O-O $146 ({Predecessor:} 13... d4 14. Nb1 Rc8 15. h3 {1-0 (35) Pantsulaia,L (2629)-Zeynalov,F (2269) Urmia 2008}) 14. h3 Rad8 15. g4 dxe4 16. dxe4 {Hoping for f5.} Bc5+ 17. Kh1 {f5 is the strong threat.} Qe7 18. f5 Nxg4 $1 {aiming for ...Qh4!} 19. fxg6 fxg6 20. e5 ({Much worse is} 20. Qxc6 Nf2+ 21. Rxf2 (21. Kh2 $2 Rc8 $19) 21... Rxf2 $17) 20... Rxf1+ 21. Bxf1 h5 22. Qc4 $2 (22. Qxc6 $15 Rf8 23. Bg2 Nf2+ 24. Kh2 Ng4+ {[%mdl 64] Double Attack} 25. Kh1) 22... Rd4 $19 23. Qe2 {Black must now prevent Qe1.} Qh4 24. Qf3 $2 (24. Be3 Nxe3 25. Qxe3) 24... Nxe5 25. Qe2 {[#]} Rd3 $1 {[%cal Rd3h3]} 26. Bd2 (26. Bf4 $142 Qxf4 27. Qe4) 26... Qd4 {[%csl Gc5][%cal Rd4g1]} 27. Bg2 Rxd2 28. Qe1 Rxb2 {And now ...Nd3 would win.} 29. Rd1 Qf4 {( -> ...Nf3)} 30. Qe4 Qxe4 (30... Qg3 $142 31. Ne2 {[#]} Rxe2 $1 {[%mdl 512]} 32. Qxe2 Ng4 33. hxg4 Qh4+ 34. Bh3 Qxh3+ 35. Qh2 Qf3+ {[%mdl 64] Double Attack} 36. Qg2 Qxd1+ 37. Kh2 Bd6+ 38. Qg3 Qe2+ {[%mdl 64] Double Attack} 39. Kg1 Bxg3 40. gxh5 Qf2+ 41. Kh1 Qh2#) 31. Rd8+ (31. Nxe4 $142 Be3 32. Re1) 31... Kf7 {[%csl Gb2][%cal Re4g2]} 32. Bxe4 Bb4 {Accuracy: White = 20%, Black = 63%.} 0-1

[Event "2nd Goa GM Open 2019"]
[Site "Goa"]
[Date "2019.06.22"]
[Round "7.7"]
[White "Lugovskoy, Maxim"]
[Black "Gupta, Abhijeet"]
[Result "0-1"]
[WhiteElo "2451"]
[BlackElo "2606"]
[Annotator "RC"]
[PlyCount "100"]
[EventDate "2019.06.17"]
[EventType "swiss"]
[EventCountry "IND"]
[SourceTitle "playchess.com"]
[Source "ChessBase"]
[SourceQuality "1"]
[TimeControl "5400+30"]

1. e4 {[%emt 0:00:00]} e6 {[%emt 0:00:00]} 2. d4 {[%emt 0:00:00]} d5 {[%emt 0:00:00]} 3. Nd2 {[%emt 0:01:03]} c5 {[%emt 0:01:51]} 4. exd5 {[%emt 0:00:16]} Qxd5 {[%emt 0:00:05]} 5. Ngf3 {[%emt 0:00:29]} cxd4 {[%emt 0:00:05]} 6. Bc4 {[%emt 0:00:26]} Qd7 {[%emt 0:00:40]} 7. O-O {[%emt 0:01:01]} Nc6 {[%emt 0:00:06]} 8. Nb3 {[%emt 0:00:15]} a6 {[%emt 0:00:05]} 9. Nfxd4 {[%emt 0:02:50]} Nxd4 {[%emt 0:00:26]} 10. Qxd4 {[%emt 0:04:40]} Qxd4 {[%emt 0:01:51]} 11. Nxd4 {[%emt 0:00:06]} Bd7 {[%emt 0:01:58]} 12. Be3 {[%emt 0:15:31]} Nf6 {[%emt 0:00:24]} 13. Rad1 {[%emt 0:01:18]} Rc8 {[%emt 0:01:00]} 14. Bb3 {[%emt 0:00:21]} a5 {[%emt 0:03:15]} 15. Nf3 {[%emt 0:08:05]} b5 {[%emt 0:19:27]} 16. c3 {[%emt 0:01:19]} Bc5 {[%emt 0:04:01]} 17. Ne5 {[%emt 0:01:13]} a4 {[%emt 0:06:44]} 18. Bc2 {[%emt 0:00:44]} Bxe3 {[%emt 0:04:52]} 19. fxe3 {[%emt 0:00:25]} Rc7 {[%emt 0:00:06]} 20. Bd3 {[%emt 0:03:25]} Rc5 {[%emt 0:00:58]} 21. Nxd7 {[%emt 0:03:00]} Nxd7 {[%emt 0:01:11]} 22. Rf4 {[%emt 0:07:16]} Ke7 {[%emt 0:01:14]} 23. Rb4 {[%emt 0:01:12]} Rb8 {[%emt 0:00:06]} 24. a3 {[%emt 0:03:51]} Ne5 {[%emt 0:00:46]} 25. Be2 {[%emt 0:00:20]} f5 {[%emt 0:01:16]} 26. Rbd4 {[%emt 0:05:09]} g5 {[%emt 0:02:03]} 27. g4 {[%emt 0:02:51]} fxg4 {[%emt 0:11:56]} 28. Bxg4 {[%emt 0:00:09]} Rb7 {[%emt 0:00:03]} 29. Be2 {[%emt 0:00:46]} Nc4 {[%emt 0:00:15]} 30. Bxc4 {[%emt 0:00:48]} bxc4 {[%emt 0:00:03]} 31. R1d2 {[%emt 0:00:44]} h5 {[%emt 0:00:06]} 32. h3 {[%emt 0:05:19]} e5 {[%emt 0:09:33]} 33. Rd6 {[%emt 0:01:33]} Rcb5 {[%emt 0:00:13]} 34. Rc6 {[%emt 0:04:39]} Rxb2 {[%emt 0:03:01]} 35. Rxb2 {[%emt 0:00:03]} Rxb2 {[%emt 0:00:07]} 36. Rxc4 {[%emt 0:00:03]} Kf6 {[%emt 0:05:04]} 37. h4 {[%emt 0:00:41]} Re2 {[%emt 0:03:17]} 38. hxg5+ {[%emt 0:00:43]} Kxg5 {[%emt 0:00:03]} 39. Rxa4 {[%emt 0:00:42]} Rxe3 {[%emt 0:00:05]} 40. Rc4 {[%emt 0:00:15]} h4 {[%emt 0:05:20]} 41. Kh2 {[%emt 0:13:55]} e4 {[%emt 0:01:05]} 42. Rc8 {[%emt 0:00:21]} Re2+ {[%emt 0:01:38]} 43. Kh3 {[%emt 0:00:13]} Rc2 {[%emt 0:01:48]} 44. Rg8+ {[%emt 0:02:08]} Kf4 {[%emt 0:00:02]} 45. Rf8+ {[%emt 0:00:06]} Ke3 {[%emt 0:00:05]} 46. a4 {[%emt 0:00:33]} Rxc3 {[%emt 0:00:20]} 47. Kxh4 {[%emt 0:03:49]} Kd2 {[%emt 0:00:05]} 48. Rf2+ {[%emt 0:06:39]} Ke1 {[%emt 0:00:33]} 49. Ra2 {[%emt 0:00:38]} e3 {[%emt 0:00:06]} 50. Ra1+ {[%emt 0:02:30]} Kf2 {[%emt 0:00:13]} 0-1